=LDR 00000nam 2200000 4500 =001 INLIS000000000006033 =005 20130612094215 =008 ***********************************Ind** =035 ##$$0010-061300000006033 =041 ##$$a Ind =082 ##$$a 153.93 =090 ##$$a 153.93 Sul t =100 ##$$a Sulivan, Norman =245 ##$$a Tes IQ anda/Norman Sulivan; penerjemah Darwis Rasyid =260 ##$$a 1997 $b Jakarta =300 ##$$a xv, 145 hlm. ; 20 cm =650 ##$$a Intelegensi =700 ##$$a Rasyid, A. Darwis =850 ##$$a NBPNMAT